000 00484nam a2200169 i 4500
001 75445
003 ES-MaACL
005 20230906172444.0
007 t|
008 040924s1965 sp ||||1| spa d
100 1 _aGraff, Ricardo.
_959513
245 1 0 _aCamino de Santidad /
_cRicardo Graff ; [traductor, Teófilo de Gusendos].
260 _a[S.l. :
_bs.n.,
_c1965]
300 _a253 p. ;
_c20 cm.
700 1 _aGusendos, Teófilo de.
_961015
852 _aES-MaACL
_jC-29303
_bR.58229
999 _c75445
_d75445